| 000 | 01823nam2a2200289 4500 | ||
|---|---|---|---|
| 001 | RU\NLR\bibl\1421691 | ||
| 005 | 20250615214710.0 | ||
| 010 |
_a978-5-88179-545-0 _9120 |
||
| 021 |
_aRU _b2009-61756 _93808 |
||
| 035 | _a(NLR Aleph) 001413635 | ||
| 090 |
_a1298252 _c1298252 |
||
| 100 | _a20091008d2009 |||y0rusy50 ca | ||
| 101 | 0 | _arus | |
| 102 | _aRU | ||
| 105 | _aa ||||||||| | ||
| 200 | 1 | _aЭлектрохимические методы защиты | |
| 210 |
_d2009 _aБ. м. |
||
| 215 |
_a234 с. _cил. |
||
| 320 | _aБиблиогр.: с. 234 (14 назв.) | ||
| 461 | 0 |
_1001RU\NLR\bibl\1691099 _12001#$aПротивокоррозионная защита газонефтепроводов$vЧ. 1 _91108396 _aАгиней, Р. В. _cУхта _d2009 _fР.В. Агиней, А.С. Кузьбожев, Ю.В. Александров _nУхтинский государственный технический университет _oучебное пособие : [для студентов,обучающихся по направлению 130500 "Нефтегазовое дело" и специальности 130501 "Проектирование, сооружение и эксплуатация газонефтепроводов и газонефтехранилищ"] _tПротивокоррозионная защита газонефтепроводов _vЧ. 1 |
|
| 606 | 1 |
_aТрубопроводный транспорт _jУчебные издания для высших учебных заведений _xТрубопроводы _xКоррозия и защита от нее электрохимическая _92251569 _3RU\NLR\auth\661350499 |
|
| 686 | _aО71-082.042я73-1 | ||
| 801 | 0 |
_aRU _bNLR _c20091008 _gRCR |
|
| 801 | 1 |
_aRU _bNLR _c20091008 |
|
| 942 | _cBOOK | ||
| 980 | _aNB | ||